000 00734cam a2200265 4500
008 090401t1992 xxu||||| |||| 00| 0 eng d
020 _a0901766852
035 _a(Sirsi) u70286
041 _aeng
050 _a692.5
110 _aCentre for Rural Building
_91783
245 _aFarm building cost guide 1992
250 _a18th ed.
260 _aBucksburn,Aberdeen
_bCentre for Rural Building
_c1992
300 _a96p. : ill. ; 30cm.
350 _a15.95
650 _aBUILT ENVIRONMENT-BUILDING COSTS
650 _aFARM BUILDINGS
650 _aBUILDING PRICE BOOKS
650 _aSCOTTISH AGRICULTURAL COLLEGE
690 _aRURAL PRACTICE
700 _aMacCormack, John.
_xEditor
942 _n0
948 _c04/03/1997
999 _c95308
_d95308